| 000 | 00977nam a22002777a 4500 | ||
|---|---|---|---|
| 001 | BR9606733 | ||
| 003 | BR-BrBNA | ||
| 005 | 20230928095109.0 | ||
| 007 | ta | ||
| 008 | 230509b bl.||||| |||| 00| 0 por d | ||
| 040 |
_aBR-BrBNA _bpor _cBiblioteca Nacional de Agricultura |
||
| 041 | _a(Por) | ||
| 072 |
_aL02 _b5200 |
||
| 090 | _ 5200 BR9606733 | ||
| 110 | 1 | _aUnidade de Execucao de Pesquisa de Ambito Estadual de Sao Carlos, SP (Brasil) | |
| 111 | 1 |
_aSimposio: Utilizacao de Subprodutos Agroindustriais e Residuos de Colheita na Alimentacao de Ruminantes _cSao Carlos, SP (Brazil) _d16-20 Nov 1992 |
|
| 245 | 1 | _aAnais do Simposio: Utilizacao de Subprodutos Agroindustriais e Residuos de Colheita na Alimentacao de Ruminantes | |
| 260 | 3 |
_aSao Carlos, SP (Brasil): _c1992. |
|
| 300 | _a351 p. | ||
| 650 | _aRuminante | ||
| 650 | _aSubproduto | ||
| 650 | _aResiduo Industrial | ||
| 650 | _aNutricao Animal | ||
| 909 |
_a202309 _bLucia _c55 _dLucia Elande |
||
| 942 | _cBK | ||
| 999 |
_c54507 _d54507 |
||